Η αρχαία Ελλάς και η γαλλική χαρτογραφία από της αναγεννήσεως μέχρι του 1830
Saved in:
| Main Author: | |
|---|---|
| Format: | Book |
| Language: | Greek |
| Published: |
Εν Αθήναις :
Αρχαιολογική Εταιρεία,
1950
|
| Subjects: | |
| Tags: |
Add Tag
No Tags, Be the first to tag this record!
|
MARC
| LEADER | 00000cam a2200000 i 4500 | ||
|---|---|---|---|
| 001 | 1/95505 | ||
| 008 | 081015s1950 gre d | ||
| 035 | |l 10100924 | ||
| 040 | |a GR-MY-UA |b gre |e aacr | ||
| 041 | 0 | |a gre | |
| 082 | 0 | |a 912.495 |2 (22) | |
| 100 | 1 | |a Στεργιόπουλος, Κωνσταντίνος Δ., |d 1906- | |
| 245 | 1 | 2 | |a Η αρχαία Ελλάς και η γαλλική χαρτογραφία από της αναγεννήσεως μέχρι του 1830 |h [ανάτυπο] / |c υπό Κωνστ. Δ. Στεργιόπουλου |
| 260 | |a Εν Αθήναις : |b Αρχαιολογική Εταιρεία, |c 1950 | ||
| 300 | |a 84 σ.; |b χάρτες; |c 30 εκ. | ||
| 500 | |a "Ανατύπωσις εκ της αρχαιολογικής εφημερίδος 1948-1949" | ||
| 500 | |a Η καταλογογράφηση έγινε με βάση το εξώφυλλο | ||
| 504 | |a Περιλαμβάνει βιβλιογραφίες | ||
| 650 | 0 | 0 | |a Cartography |z Greece |x History. |
| 650 | 0 | 0 | |a Cartography |z France |x History |x Maps. |
| 852 | |a INST |b RHODES |c AKA |e 20081015 |h 912.495 ΣΤΕ |p 005400031035 |q 005400031035 |t BK |y 0 | ||
| 901 | |a BIBL4-2008-3 | ||
| 909 | |a Ρ |b 153343 | ||
| 970 | |a ΧΑΡΙΟΠΟΛΙΤΟΥ |b ΚΩΝΣΤΑΝΤΙΝΑ |z 2008/10/15 | ||